000 00228 a2200097 4500
001 30391
100 _aMan, Burns Mantle
245 _aThe best plays of 1944-1945
260 _aNewyork
_bDodd Mead & Co
_c
090 _c20343
_d20343
942 _aNUST-CAE
_cM
_c11496
999 _c265464
_d265464